| 000 | 00825nam a2200217Ia 4500 | ||
|---|---|---|---|
| 003 | 0 | ||
| 005 | 20250131111744.0 | ||
| 008 | 150126s9999 xx 000 0 und d | ||
| 050 |
_aPHS PN 4830 _b.D225 2014 |
||
| 100 | _aDarrow, Katherine Gabrielle S. | ||
| 245 |
_aFashion magazines on self-image of female high school students / _cKatherine Gabrielle S. Darrow. |
||
| 260 |
_aLas PiƱas City, Philippines : _bSouthville International School and Colleges, _c2014. |
||
| 300 |
_a26 pages : _billustration ; _c28 cm. |
||
| 504 | _aIncludes bibliographical references. | ||
| 650 |
_aFashion magazines _vPsychological aspects. |
||
| 650 |
_aTeenage girls _vPsychology. |
||
| 650 | _aSelf-perception in adolescence. | ||
| 650 |
_aMass media _vInfluence on women. |
||
| 650 |
_aBody image _vSocial aspects. |
||
| 942 |
_2lcc _cPASS |
||
| 999 |
_c278679 _d278679 |
||